000 00601cam a2200181 4500
001 X107904
008 000000n2000 000 0 eng u
035 _a(Sirsi) u107904
245 _aHall v Simons
260 _c2000
490 _aNew Property Cases
_v[2000] NPC 87 (22/07/00)
520 _aHL 20 July 2000. Immunity of advocates from claims for negligence in the conduct of civil litigation no longer exists. HEADNOTE FROM JOURNAL - NOT TO BE PHOTOCOPIED.
650 _aARTHUR J S HALL AND CO V SIMONS
650 _aNEGLIGENCE
650 _aIMMUNITY
690 _aLAW-CASE LAW
942 _n0
999 _c64452
_d64452